It looks like you're offline.
Open Library logo
additional options menu

MARC Record from Library of Congress

Record ID marc_loc_2016/BooksAll.2016.part01.utf8:57413496:2148
Source Library of Congress
Download Link /show-records/marc_loc_2016/BooksAll.2016.part01.utf8:57413496:2148?format=raw

LEADER: 02148cam a2200409 a 4500
001 00130309
003 DLC
005 20011119140616.0
008 000724s2000 nyua bc 001 0 eng d
010 $a 00130309
035 $a(OCoLC)ocm44130504
040 $aZCU$cZCU$dFDA$dDLC
042 $alccopycat
020 $a0870700324 (MoMA/Thames & Hudson : cloth)
020 $a0810962063 (Abrams : cloth)
020 $a0870700367 (MoMA : pbk.)
024 8 $z1845
043 $an-us---$ae------
050 00 $aTR645.N532$bM835 2000
082 00 $a779/.074747/1$221
100 1 $aGalassi, Peter.
245 10 $aWalker Evans & company /$cPeter Galassi.
246 3 $aWalker Evans and company
260 $aNew York :$bMuseum of Modern Art :$bDistributed by H.N. Abrams,$cc2000.
300 $a271 p. :$bill. (some col.) ;$c30 cm.
500 $aCatalog of an exhibition held Mar. 16-July 26, 2000.
500 $a"Under the banner MoMA2000, The Museum of Modern Art has engaged in a wide ranging exploration of modern art through its own collections, in the form of a series of exhibitions, publications, and other initiatives over a seventeen-month period from the fall of 1999 to early 2001. Walker Evans & Company is part of the second of the three cycles that constitute this ambitious project. Titled Making Choices, this cycle focuses on the years between 1920 and 1960"--P. 6.
500 $a"Walker Evans & Company aims to encourage curiosity about a crucial innovation within the tradition of modernist photography that took shape in the 1920s and 1930s"--P. 7.
504 $aIncludes bibliographical references (p. 269-270) and index of artists.
650 0 $aPhotography, Artistic$vExhibitions.
600 10 $aEvans, Walker,$d1903-1975$vExhibitions.
610 20 $aMuseum of Modern Art (New York, N.Y.)$xPhotograph collections$vExhibitions.
650 0 $aPhotography$zUnited States$xHistory$y20th century$vExhibitions.
650 0 $aPhotography$zEurope$xHistory$y20th century$vExhibitions.
650 0 $aNineteen twenties$vExhibitions.
650 0 $aNineteen thirties$vExhibitions.
710 2 $aMuseum of Modern Art (New York, N.Y.)